Uvwomojowa: cuando lo colectivo viene a sanar (notice n° 1664050)
[ vue normale ]
| 000 -LEADER | |
|---|---|
| fixed length control field | 01442cam a2200169 4500500 |
| 005 - DATE AND TIME OF LATEST TRANSACTION | |
| control field | 20260222001015.0 |
| 041 ## - LANGUAGE CODE | |
| Language code of text/sound track or separate title | fre |
| 042 ## - AUTHENTICATION CODE | |
| Authentication code | dc |
| 100 10 - MAIN ENTRY--PERSONAL NAME | |
| Personal name | Joma, Nazlli |
| Relator term | author |
| 245 00 - TITLE STATEMENT | |
| Title | Uvwomojowa: cuando lo colectivo viene a sanar |
| 260 ## - PUBLICATION, DISTRIBUTION, ETC. | |
| Date of publication, distribution, etc. | 2026.<br/> |
| 500 ## - GENERAL NOTE | |
| General note | 9 |
| 520 ## - SUMMARY, ETC. | |
| Summary, etc. | El ciclón Chido, seguido de la tormenta Dikeledi, destruyó gran parte de la isla de Mayotte, en diciembre de 2024 y enero 2025, afectando a toda la población, que se encuentra muy quebrantada. Desde la reapertura del CMPEA (Centro Médico Psicológico para Niños y Adolescentes), se reanudaron las consultas de psiquiatría infantil a pesar de las dificultades logísticas. Se dio la palabra a los niños que ya estaban en tratamiento y a sus familias, junto con consultas específicas posteriores al Chido para solicitudes relacionadas con los acontecimientos climáticos. Este estudio se centra en las primeras consultas que tuvieron lugar tras el ciclón, entre el 31 de diciembre de 2024 y el 11 de abril de 2025: se recopilaron los comentarios de los niños para mostrar cómo pudieron dar cuenta de su percepción del ciclón a pesar de todas las dificultades inherentes a sus patologías. |
| 700 10 - ADDED ENTRY--PERSONAL NAME | |
| Personal name | Fougeras, Sandra |
| Relator term | author |
| 786 0# - DATA SOURCE ENTRY | |
| Note | L’Information Psychiatrique | 102 | 1 | 2026-02-04 | p. 47-49 | 0020-0204 |
| 856 41 - ELECTRONIC LOCATION AND ACCESS | |
| Uniform Resource Identifier | <a href="https://stm.cairn.info/revista-linformation-psychiatrique-2026-1-page-47?lang=es&redirect-ssocas=7080">https://stm.cairn.info/revista-linformation-psychiatrique-2026-1-page-47?lang=es&redirect-ssocas=7080</a> |
Pas d'exemplaire disponible.




Réseaux sociaux